000 00578nam a2200193Ia 4500
003 GCL
008 140319s9999 xx 000 0 eng d
040 _aGCL /
_cGCL
082 0 4 _aCC
_b411
_bB H
100 1 _aBETRO, MARIA CARMELA
245 1 0 _aHIEROGLYPHICS THE WRITING OF ANCIENT EGYPT /
_cBETRO, MARIA CARMELA
260 _a[S.N] :
_bABBEVILLE PRESS PUBLISHERS ،
_c1996
300 _a251 P
650 0 4 _aHIEROGLYPHIC
650 0 4 _aEGYPTIAN LANGUAGE - HIEROGLYPH
650 0 4 _aEGYPTIAN LANGUAGE - WRITING
650 0 4 _aEGYPTIAN WRITING - HIEROGLYPHI
942 _2ddc
_cBK
999 _c15923
_d15923